[Event "Botvinnik Cup 2018"]
[Site "Moscow"]
[Date "2018.08.11"]
[Round "3"]
[White "Manukyan, Sevak N"]
[Black "Sevdimaliyev, Urfan"]
[Result "0-1"]
[WhiteElo "1799"]
[BlackElo "2388"]
[Annotator "NA"]
[PlyCount "106"]
[EventDate "2018.08.10"]
[EventCountry "RUS"]
[SourceTitle "playchess.com"]
[Source "ChessBase"]
[SourceQuality "1"]
[TimeControl "5400+30"]

1. d4 {[%emt 0:00:00]} d5 {[%emt 0:00:00]} 2. c4 {[%emt 0:00:00]} dxc4 {[%emt 0:00:37]} 3. e3 {[%emt 0:00:00]} e6 {[%emt 0:00:28]} 4. Bxc4 {[%emt 0:00:15]} Nf6 {[%emt 0:00:12]} 5. Nf3 {[%emt 0:00:11]} c5 {[%emt 0:00:05]} 6. O-O {[%emt 0:00:29]} a6 {[%emt 0:00:20]} 7. a4 {[%emt 0:02:00]} Nc6 {[%emt 0:01:36]} 8. Nc3 {[%emt 0:01:11]} Be7 {[%emt 0:01:24]} 9. b3 {[%emt 0:09:28]} O-O {[%emt 0:00:20]} 10. Ba3 {[%emt 0:01:22]} cxd4 {[%emt 0:00:33]} 11. Bxe7 {[%emt 0:00:44]} Qxe7 {[%emt 0:00:14]} 12. exd4 {[%emt 0:08:03]} Rd8 {[%emt 0:01:11]} 13. Qd2 {[%emt 0:01:12]} b6 {[%emt 0:03:09]} 14. Rfe1 {[%emt 0:02:17]} Qc7 {[%emt 0:04:37]} 15. Ne4 {[%emt 0:08:19]} Nxe4 {[%emt 0:05:55]} 16. Rxe4 {[%emt 0:00:01]} Ne7 {[%emt 0:01:08]} 17. Rc1 {[%emt 0:11:24]} Qd6 {[%emt 0:01:16]} 18. Rce1 {[%emt 0:03:10]} b5 {[%emt 0:05:16]} 19. Bd3 {[%emt 0:12:54]} Bb7 {[%emt 0:06:18]} 20. Rh4 {[%emt 0:02:14]} Ng6 {[%emt 0:03:25]} 21. Bxg6 {[%emt 0:00:56]} hxg6 {[%emt 0:01:32]} 22. Ne5 {[%emt 0:08:55]} Qd5 {[%emt 0:02:02]} 23. Rg4 {[%emt 0:00:54]} Qd6 {[%emt 0:07:08]} 24. Qg5 {[%emt 0:05:07]} Qb4 {[%emt 0:03:47]} 25. Nd3 {[%emt 0:07:36]} Qc3 {[%emt 0:03:45]} 26. Rg3 {[%emt 0:05:10]} Rxd4 {[%emt 0:02:36]} 27. Qe5 {[%emt 0:01:58]} Rad8 {[%emt 0:00:54]} 28. Nc5 {[%emt 0:01:03]} Qxe1+ {[%emt 0:04:18]} 29. Qxe1 {[%emt 0:00:01]} Rd1 {[%emt 0:00:02]} 30. Kf1 {[%emt 0:03:28]} Bc6 {[%emt 0:01:30]} 31. a5 {[%emt 0:01:17]} b4 {[%emt 0:00:35]} 32. Rd3 {[%emt 0:01:15]} Rxe1+ {[%emt 0:02:52]} 33. Kxe1 {[%emt 0:00:01]} Rxd3 {[%emt 0:00:30]} 34. Nxd3 {[%emt 0:00:01]} Bxg2 {[%emt 0:00:20]} 35. Nxb4 {[%emt 0:00:01]} Bb7 {[%emt 0:00:03]} 36. Kd2 {[%emt 0:00:51]} Kf8 {[%emt 0:00:38]} 37. Nd3 {[%emt 0:00:41]} Bc6 {[%emt 0:01:07]} 38. Kc3 {[%emt 0:01:02]} Bb5 {[%emt 0:01:18]} 39. Ne5 {[%emt 0:00:13]} g5 {[%emt 0:01:40]} 40. Kb4 {[%emt 0:00:13]} f6 {[%emt 0:01:44]} 41. Nc4 {[%emt 0:01:54]} Ke7 {[%emt 0:00:45]} 42. Kc5 {[%emt 0:00:11]} Kd7 {[%emt 0:08:17]} 43. Kb6 {[%emt 0:00:01]} e5 {[%emt 0:00:32]} 44. Na3 {[%emt 0:00:53]} Bd3 {[%emt 0:00:47]} 45. Nc4 {[%emt 0:01:05]} e4 {[%emt 0:01:05]} 46. Ne3 {[%emt 0:00:56]} g6 {[%emt 0:01:52]} 47. Nc4 {[%emt 0:00:54]} f5 {[%emt 0:00:42]} 48. Ne3 {[%emt 0:00:50]} f4 {[%emt 0:00:15]} 49. Ng4 {[%emt 0:00:20]} Ke6 {[%emt 0:00:35]} 50. Kc5 {[%emt 0:00:18]} Be2 {[%emt 0:05:37]} 51. Nh6 {[%emt 0:00:24]} Bh5 {[%emt 0:00:24]} 52. Kd4 {[%emt 0:00:09]} e3 {[%emt 0:00:08]} 53. fxe3 f3 {[%emt 0:00:04]} 0-1

[Event "Botvinnik Cup 2018"]
[Site "Moscow"]
[Date "2018.08.11"]
[Round "3"]
[White "Balabayeva, Xeniya"]
[Black "Paichadze, Luka"]
[Result "1-0"]
[WhiteElo "1788"]
[BlackElo "2564"]
[Annotator "TA"]
[PlyCount "98"]
[EventDate "2018.08.10"]
[EventCountry "RUS"]
[SourceTitle "playchess.com"]
[Source "ChessBase"]
[SourceQuality "1"]

{[%evp 10,98,67,64,66,44,55,7,3,19,12,12,11,7,13,13,25,0,68,4,152,160,144,142,161,156,160,152,160,150,161,161,192,189,202,194,202,196,201,193,200,201,189,180,178,162,162,162,163,163,148,158,191,181,163,144,178,166,237,230,221,205,264,231,279,279,279,272,464,464,482,457,468,447,880,802,560,690,858,837,724,676,758,587,4631,4622,4133,4133,1725,1389,935]} 1. e4 c6 2. d4 d5 3. Nd2 dxe4 4. Nxe4 Nf6 5. Nxf6+ gxf6 6. Qd3 {LiveBook: 60 Games} Qc7 {B16: Caro-Kann: Bronstein-Larsen Variation} (6... Na6 7. Ne2 e5 8. c3 Qe7 9. Ng3 h5 10. Be2 h4 11. Nh5 h3 12. O-O Be6 13. dxe5 fxe5 14. Qg3 f6 {½-½ (44) Solodovnichenko,Y (2574)-Epishin,V (2548) Metz 2014}) 7. Ne2 e5 $146 ({Predecessor:} 7... Bg4 8. Ng3 Nd7 9. Qe4 Be6 10. c4 O-O-O 11. Bf4 Qb6 12. O-O-O f5 13. Qc2 Nf6 14. d5 {1-0 (34) Pavlov,V (2041)-Loskutov,V (2010) Gagarin 2009}) 8. g3 Be6 {The position is equal.} 9. Bg2 Nd7 10. c3 O-O-O 11. O-O h5 12. h4 Nb6 13. Qc2 Bd5 (13... Kb8 $11) 14. Qf5+ ({Better is} 14. Bxd5 $14 Nxd5 15. c4) 14... Nd7 (14... Qd7 $1 $11 15. Qxd7+ (15. Qxf6 Be7 $11) 15... Kxd7) 15. Bxd5 $16 cxd5 16. dxe5 Qxe5 17. Nd4 Bc5 18. Bf4 Qxf5 19. Nxf5 Ne5 20. Rad1 Ng6 21. Be3 b6 22. Bd4 Bxd4 23. Rxd4 ({Resist} 23. Nxd4 $6 Rhe8 $16) 23... Rhe8 24. Rfd1 Re2 25. R4d2 ({Don't play} 25. Rxd5 Rxd5 26. Rxd5 Rxb2 $16) 25... Rxd2 26. Rxd2 $18 {[%mdl 4096] Endgame KRN-KRN} Kc7 27. Ng7 Nxh4 28. gxh4 Rg8 29. Rxd5 Rxg7+ {KR-KR} 30. Kf1 Rh7 31. c4 Rh8 32. Rf5 Rh6 33. c5 Kd7 (33... b5 $142 34. b4 Kd7 35. Rd5+ Kc6 36. Rd6+ Kc7) 34. cxb6 axb6 35. Ke2 Ke7 36. Ke3 Kd7 37. a4 {[%cal Ba2a4,Ba4a5][%mdl 32]} Kc7 38. f3 Rg6 $2 {[#]} (38... Kd7 {was worth a try.} 39. b4 Rh8 40. Rxf6 Ra8 41. Rxb6 Rxa4) 39. Rxh5 {White is clearly winning.} Rg2 40. Rb5 Rh2 41. h5 Kb7 (41... Kc6 $142 42. Ke4 Kc7) 42. a5 Ka6 43. axb6 {Threatens to win with b7!} Kb7 44. Kf4 Rh4+ {[#]} 45. Kg3 $1 {[%cal Rg3h4]} Rh1 46. Rf5 Kxb6 47. Rxf6+ Kc5 48. Kg4 Rg1+ 49. Kf5 Rh1 {Precision: White = 75%, Black = 46%.} 1-0

[Event "Botvinnik Cup 2018"]
[Site "Moscow"]
[Date "2018.08.11"]
[Round "3"]
[White "Yedigaryan, Asya"]
[Black "Sevdimaliyev, Urfan"]
[Result "1/2-1/2"]
[WhiteElo "1622"]
[BlackElo "2388"]
[Annotator "NA"]
[PlyCount "43"]
[EventDate "2018.08.10"]
[EventCountry "RUS"]
[SourceTitle "playchess.com"]
[Source "ChessBase"]
[SourceQuality "1"]
[TimeControl "5400+30"]

1. c4 {[%emt 0:00:00]} Nf6 {[%emt 0:00:33]} 2. Nc3 {[%emt 0:00:00]} d5 {[%emt 0:00:08]} 3. cxd5 {[%emt 0:00:01]} Nxd5 {[%emt 0:00:41]} 4. g3 {[%emt 0:00:05]} g6 {[%emt 0:00:25]} 5. Bg2 {[%emt 0:00:05]} Nxc3 {[%emt 0:00:10]} 6. bxc3 {[%emt 0:00:05]} Bg7 {[%emt 0:00:02]} 7. Rb1 {[%emt 0:00:54]} Nd7 {[%emt 0:00:29]} 8. Nf3 {[%emt 0:01:30]} O-O {[%emt 0:00:59]} 9. O-O {[%emt 0:00:27]} Nb6 {[%emt 0:00:15]} 10. Ba3 {[%emt 0:07:25]} Bf5 {[%emt 0:01:42]} 11. Rc1 {[%emt 0:20:14]} Nc4 {[%emt 0:02:50]} 12. Bc5 {[%emt 0:00:42]} b6 {[%emt 0:03:02]} 13. Be3 {[%emt 0:01:52]} Nxe3 {[%emt 0:01:46]} 14. fxe3 {[%emt 0:00:04]} Be4 {[%emt 0:01:32]} 15. d3 {[%emt 0:11:32]} Bb7 {[%emt 0:01:41]} 16. e4 {[%emt 0:00:49]} c5 {[%emt 0:04:02]} 17. Qd2 {[%emt 0:05:41]} c4 {[%emt 0:02:35]} 18. e5 {[%emt 0:06:23]} cxd3 {[%emt 0:04:01]} 19. exd3 {[%emt 0:00:11]} Rc8 {[%emt 0:02:05]} 20. Qe3 {[%emt 0:02:51]} Qd7 {[%emt 0:02:05]} 21. d4 {[%emt 0:03:26]} Bd5 {[%emt 0:08:29]} 22. Rf2 {[%emt 0:05:23]} 1/2-1/2

[Event "Botvinnik Cup 2018"]
[Site "Moscow"]
[Date "2018.08.11"]
[Round "3"]
[White "Urmonov, Davron"]
[Black "Komliakov, Viktor"]
[Result "0-1"]
[WhiteElo "1593"]
[BlackElo "2366"]
[Annotator "NA"]
[PlyCount "92"]
[EventDate "2018.08.10"]
[EventCountry "RUS"]
[SourceTitle "playchess.com"]
[Source "ChessBase"]
[SourceQuality "1"]
[TimeControl "5400+30"]

1. Nf3 {[%emt 0:00:00]} d6 {[%emt 0:00:27]} 2. c4 {[%emt 0:00:15]} e5 {[%emt 0:00:04]} 3. d4 {[%emt 0:01:38]} e4 {[%emt 0:00:04]} 4. Nfd2 {[%emt 0:00:38]} f5 {[%emt 0:01:06]} 5. Nc3 {[%emt 0:00:48]} Nf6 {[%emt 0:00:38]} 6. e3 {[%emt 0:01:16]} g6 {[%emt 0:00:38]} 7. Be2 {[%emt 0:03:26]} Bh6 {[%emt 0:03:15]} 8. b3 {[%emt 0:02:26]} c6 {[%emt 0:01:23]} 9. Qc2 {[%emt 0:03:04]} Na6 {[%emt 0:00:58]} 10. Ba3 {[%emt 0:02:54]} Nc7 {[%emt 0:02:24]} 11. O-O-O {[%emt 0:06:00]} d5 {[%emt 0:08:20]} 12. h3 {[%emt 0:04:07]} Be6 {[%emt 0:01:59]} 13. Kb1 {[%emt 0:05:26]} f4 {[%emt 0:02:39]} 14. cxd5 {[%emt 0:13:56]} cxd5 {[%emt 0:01:41]} 15. Bb5+ {[%emt 0:00:47]} Kf7 {[%emt 0:00:41]} 16. Rhe1 {[%emt 0:04:50]} fxe3 {[%emt 0:01:47]} 17. fxe3 {[%emt 0:00:33]} Rc8 {[%emt 0:00:15]} 18. Qb2 {[%emt 0:03:58]} Kg7 {[%emt 0:09:10]} 19. g4 {[%emt 0:01:20]} Bg5 {[%emt 0:00:34]} 20. Bf1 {[%emt 0:09:11]} h5 {[%emt 0:02:00]} 21. gxh5 {[%emt 0:04:04]} Rxh5 {[%emt 0:00:11]} 22. Rc1 {[%emt 0:00:53]} Nce8 {[%emt 0:03:26]} 23. Na4 {[%emt 0:06:10]} Rxc1+ {[%emt 0:00:25]} 24. Qxc1 {[%emt 0:00:11]} b6 {[%emt 0:00:09]} 25. Qc3 {[%emt 0:03:15]} Nd6 {[%emt 0:04:51]} 26. Qc6 {[%emt 0:02:35]} Nfe8 {[%emt 0:01:16]} 27. Nc3 {[%emt 0:03:13]} Bd7 {[%emt 0:01:58]} 28. Qxd5 {[%emt 0:05:33]} Bh4 {[%emt 0:00:26]} 29. Qxh5 {[%emt 0:01:45]} gxh5 {[%emt 0:00:11]} 30. Re2 {[%emt 0:00:12]} Kh6 {[%emt 0:00:52]} 31. Kb2 {[%emt 0:01:05]} Bf5 {[%emt 0:03:07]} 32. Bg2 {[%emt 0:00:22]} Nf6 {[%emt 0:00:07]} 33. Bxd6 {[%emt 0:00:44]} Qxd6 {[%emt 0:00:50]} 34. Ndxe4 {[%emt 0:00:59]} Nxe4 {[%emt 0:00:07]} 35. Nxe4 {[%emt 0:00:31]} Bxe4 {[%emt 0:00:15]} 36. Bxe4 {[%emt 0:00:04]} Bg3 {[%emt 0:02:24]} 37. Kc3 {[%emt 0:01:32]} b5 {[%emt 0:00:48]} 38. Kd3 {[%emt 0:00:52]} b4 {[%emt 0:00:35]} 39. Rc2 {[%emt 0:00:34]} Qa6+ {[%emt 0:00:49]} 40. Kd2 {[%emt 0:00:29]} Qf1 {[%emt 0:00:23]} 41. Rc6+ {[%emt 0:01:13]} Kg5 {[%emt 0:00:47]} 42. Rc5+ {[%emt 0:02:09]} Kh4 {[%emt 0:01:50]} 43. Bg6 {[%emt 0:00:30]} Be1+ {[%emt 0:00:06]} 44. Kc2 {[%emt 0:00:22]} Qe2+ {[%emt 0:00:06]} 45. Kb1 {[%emt 0:00:08]} Bc3 {[%emt 0:00:26]} 46. Rxh5+ {[%emt 0:00:23]} Kg3 0-1

[Event "Botvinnik Cup 2018"]
[Site "Moscow"]
[Date "2018.08.11"]
[Round "3"]
[White "Mikhailova, Alina"]
[Black "Egin, Vladimir"]
[Result "1/2-1/2"]
[WhiteElo "1398"]
[BlackElo "2317"]
[Annotator "NA"]
[PlyCount "84"]
[EventDate "2018.08.10"]
[EventCountry "RUS"]
[SourceTitle "playchess.com"]
[Source "ChessBase"]
[SourceQuality "1"]
[TimeControl "5400+30"]

1. d4 {[%emt 0:00:00]} Nf6 {[%emt 0:00:00]} 2. c4 {[%emt 0:00:00]} e5 {[%emt 0:00:00]} 3. dxe5 {[%emt 0:00:00]} Ng4 {[%emt 0:00:18]} 4. Bf4 {[%emt 0:00:00]} Nc6 {[%emt 0:01:09]} 5. Nf3 {[%emt 0:00:01]} Bb4+ {[%emt 0:01:50]} 6. Nbd2 {[%emt 0:00:30]} Qe7 {[%emt 0:00:31]} 7. e3 {[%emt 0:03:12]} Ngxe5 {[%emt 0:00:18]} 8. Nxe5 {[%emt 0:00:59]} Nxe5 {[%emt 0:00:12]} 9. Be2 {[%emt 0:00:22]} b6 {[%emt 0:10:53]} 10. O-O {[%emt 0:01:01]} Bb7 {[%emt 0:06:51]} 11. Nf3 {[%emt 0:12:12]} Nxf3+ {[%emt 0:06:12]} 12. Bxf3 {[%emt 0:00:11]} Bxf3 {[%emt 0:00:04]} 13. Qxf3 {[%emt 0:00:04]} O-O {[%emt 0:00:01]} 14. Rad1 {[%emt 0:08:13]} a5 {[%emt 0:07:11]} 15. Bxc7 {[%emt 0:07:04]} d5 {[%emt 0:03:05]} 16. Bxb6 {[%emt 0:03:05]} dxc4 {[%emt 0:01:01]} 17. a3 {[%emt 0:14:57]} Bc5 {[%emt 0:03:17]} 18. Bxc5 {[%emt 0:00:29]} Qxc5 {[%emt 0:00:01]} 19. Qd5 {[%emt 0:02:11]} Qb6 {[%emt 0:02:04]} 20. Rb1 {[%emt 0:04:08]} Rac8 {[%emt 0:02:16]} 21. Rfc1 {[%emt 0:00:40]} Rc5 {[%emt 0:01:17]} 22. Qe4 {[%emt 0:09:15]} Rfc8 {[%emt 0:00:25]} 23. Rc3 {[%emt 0:03:49]} g6 {[%emt 0:11:33]} 24. h3 {[%emt 0:01:17]} a4 {[%emt 0:08:47]} 25. Qc2 {[%emt 0:03:17]} Qb5 {[%emt 0:04:00]} 26. Rd1 {[%emt 0:00:51]} Rb8 {[%emt 0:02:18]} 27. Rd4 {[%emt 0:02:48]} Rbc8 {[%emt 0:02:49]} 28. Qe2 {[%emt 0:04:27]} Kg7 {[%emt 0:00:07]} 29. Qd2 {[%emt 0:02:43]} Rb8 {[%emt 0:00:55]} 30. Rf4 {[%emt 0:04:53]} Rbc8 {[%emt 0:01:08]} 31. h4 {[%emt 0:07:23]} h5 {[%emt 0:02:57]} 32. Qd4+ {[%emt 0:02:28]} Kg8 {[%emt 0:00:06]} 33. Rc2 {[%emt 0:02:00]} R5c7 {[%emt 0:00:25]} 34. Qf6 {[%emt 0:01:52]} Rd7 {[%emt 0:02:04]} 35. Rd4 {[%emt 0:00:27]} Rxd4 {[%emt 0:00:24]} 36. Qxd4 {[%emt 0:00:03]} Qc6 {[%emt 0:03:18]} 37. Qc3 {[%emt 0:00:53]} Qe4 {[%emt 0:02:04]} 38. g3 {[%emt 0:00:10]} Rd8 {[%emt 0:00:52]} 39. Rd2 {[%emt 0:00:17]} Rd3 {[%emt 0:00:29]} 40. Rxd3 {[%emt 0:00:58]} cxd3 {[%emt 0:00:02]} 41. Qd2 {[%emt 0:00:02]} Kg7 {[%emt 0:02:14]} 42. Qd1 Qc4 1/2-1/2

[Event "Botvinnik Cup 2018"]
[Site "Moscow"]
[Date "2018.08.11"]
[Round "4"]
[White "Kovalev, Vladislav"]
[Black "Balabayeva, Xeniya"]
[Result "1-0"]
[WhiteElo "2667"]
[BlackElo "1788"]
[Annotator "TA"]
[PlyCount "47"]
[EventDate "2018.08.10"]
[EventCountry "RUS"]
[SourceTitle "playchess.com"]
[Source "ChessBase"]
[SourceQuality "1"]

{[%evp 9,47,18,18,21,20,19,20,13,159,176,154,121,222,234,198,231,204,174,199,213,209,181,528,537,739,750,713,670,1006,936,2214,2089,29984,5606,5597,5585,29993,29994,29994,29995]} 1. d4 Nf6 2. Bf4 g6 3. Nc3 Bg7 4. e4 {[%cal Be2e4,Be4e5][%mdl 32]} O-O 5. Qd2 d5 6. e5 {A45: Trompowsky Attack} Ne4 7. Nxe4 dxe4 8. O-O-O {The position is equal.} f5 $146 (8... c5 $11 {keeps the balance.}) ({Predecessor:} 8... c5 9. d5 Nd7 10. f3 Nxe5 11. fxe4 {1-0 (38) Grischuk,A (2810)-Wang,Y (2720) Beijing 2014}) 9. Bc4+ {[%cal Bf1c4,Bc4b3,Bb3d5][%mdl 32]} e6 10. f3 exf3 (10... Qd7 $16) 11. Nxf3 $18 c6 12. h4 b5 13. Bb3 {Black must now prevent h5.} h5 14. Ng5 Qe7 {[#]} 15. d5 $1 {[%cal Rg5e6][%mdl 512]} exd5 $2 {[#]} (15... a5) (15... cxd5 16. Bxd5) 16. Bxd5+ $1 {[%mdl 512]} Kh8 {[#]} (16... cxd5 17. Qxd5+) 17. Bf7 $1 {[%mdl 512]} Nd7 (17... Rxf7 18. Qd8+) 18. Bxg6 Bxe5 19. Rhe1 Qf6 {[#]} 20. Rxe5 $1 {[%mdl 512]} Qxg6 (20... Nxe5 21. Bxe5) 21. Re6 Nf6 {[#]} 22. Rxf6 $1 {[%mdl 512]} Rxf6 23. Qd8+ Kg7 24. Qe7+ {Precision: White = 98%, Black = 18%.} 1-0

[Event "Botvinnik Cup 2018"]
[Site "Moscow"]
[Date "2018.08.11"]
[Round "4"]
[White "Kovalev, Vladislav"]
[Black "Nurmanova, Alua"]
[Result "1-0"]
[WhiteElo "2667"]
[BlackElo "1825"]
[Annotator "TA"]
[PlyCount "73"]
[EventDate "2018.08.10"]
[EventCountry "RUS"]
[SourceTitle "playchess.com"]
[Source "ChessBase"]
[SourceQuality "1"]

{[%evp 21,73,0,5,12,5,2,0,0,0,6,67,62,86,94,98,83,90,81,96,83,101,108,110,120,160,168,155,156,151,117,113,115,110,100,111,100,99,96,99,91,88,93,100,88,132,131,130,122,159,160,312,303,538,520]} 1. e4 c5 2. Be2 d6 3. f4 Nf6 4. d3 Nc6 5. Nf3 g6 6. O-O Bg7 7. c3 O-O 8. Kh1 {B22: Sicilian: 2 c3} b5 9. a3 Rb8 10. Be3 a5 11. Nbd2 b4 {LiveBook: 5 Games} 12. axb4 axb4 13. d4 bxc3 14. bxc3 cxd4 15. cxd4 d5 {[#]} ({Better is} 15... Nb4 $11) 16. e5 $146 {[%cal Re5f6]} Ne4 {[#]} 17. Nxe4 $1 dxe4 18. Ng5 {[%cal Bf3g5,Bg5e4,Be4c5][%mdl 32]} Nb4 19. Nxe4 Nd5 20. Qd2 Qb6 21. Nc5 Qb2 22. Bf3 Rd8 23. Qxb2 Rxb2 24. Bxd5 Rxd5 25. Rfb1 Rxb1+ 26. Rxb1 {And now Rb8 would win.} Rd8 27. Rb8 {Black must now prevent Nd7!} Kf8 28. Bd2 Re8 29. h3 h5 30. Kg1 Bf5 31. Rb7 Bh6 32. Kf2 Rd8 33. Be3 Ke8 34. Kf3 h4 35. Bf2 g5 $2 {[#]} (35... f6 $16 36. exf6 exf6) 36. Rb6 $1 $18 {[%cal Rb6h6]} e6 $2 (36... Bf8 37. fxg5 e6) 37. Nb7 {Precision: White = 87%, Black = 43%.} 1-0

[Event "Botvinnik Cup 2018"]
[Site "Moscow"]
[Date "2018.08.11"]
[Round "4"]
[White "Korotylev, Alexey"]
[Black "Naqopia, Giorgi"]
[Result "1/2-1/2"]
[WhiteElo "2573"]
[BlackElo "1857"]
[Annotator "TA"]
[PlyCount "147"]
[EventDate "2018.08.10"]
[EventCountry "RUS"]
[SourceTitle "playchess.com"]
[Source "ChessBase"]
[SourceQuality "1"]

{[%evp 17,147,34,52,52,56,59,66,62,76,71,79,79,76,75,147,79,143,73,76,72,67,71,83,62,85,93,99,109,117,102,127,97,175,175,175,175,218,211,311,296,466,446,559,400,406,387,422,402,620,622,693,672,701,468,423,432,552,539,1022,577,744,385,416,294,300,300,302,265,258,259,485,231,272,278,422,191,191,179,220,242,233,139,139,139,139,139,145,131,151,102,139,116,125,10,127,120,157,102,102,102,102,69,102,102,107,7,24,24,133,133,191,191,191,133,191,191,191,191,191,191,191,191,191,191,191,191,191,88,88,88,88,88]} 1. d4 d5 2. c4 c6 3. Nc3 Nf6 4. e3 a6 5. Bd3 e6 6. b3 Be7 7. Nf3 O-O 8. O-O Nbd7 9. Bb2 {D46: Semi-Slav: 5 e3 Nbd7 6 Bd3, Black avoids the Meran} b5 {LiveBook: 13 Games} (9... b6 10. Qe2 Bb7 11. Rad1 c5 12. cxd5 exd5 13. Bf5 Re8 14. dxc5 bxc5 15. Qc2 Nb6 16. Ne2 g6 {1-0 (45) Ivanisevic,I (2645)-Pikula,D (2525) Vrnjacka Banja 2012}) 10. c5 Qc7 11. Qc2 {White is slightly better.} a5 12. a3 Re8 $146 ({Predecessor:} 12... Bb7 13. b4 axb4 14. axb4 Rxa1 15. Rxa1 Ra8 16. Rd1 g6 {1-0 (68) Bogdanovski,V (2391)-Kounalakis,E (2099) Plovdiv 2008}) 13. h3 Bf8 14. Ne2 g6 15. b4 Nh5 (15... Bb7 $142) 16. Ne5 (16. a4 $142) 16... f5 (16... Bb7 $142) 17. g4 (17. a4 $142 $1) 17... Nhf6 $16 18. f3 Bh6 19. Qd2 Rf8 20. Kg2 (20. Bc2 {feels hotter.} a4 21. Kh1 Bg7 22. Nd3 Re8 23. Rg1) 20... axb4 21. axb4 Rxa1 22. Rxa1 Bg7 23. Bc3 Ne8 {[%cal Rd7e5]} 24. Qb2 Bxe5 (24... Nef6 $16 25. Qc1 fxg4 26. hxg4 Nxe5 27. dxe5 Nd7) 25. dxe5 $18 Ng7 26. f4 Qd8 {Black hopes to continue with ...fxg4.} 27. Nd4 fxg4 (27... Bb7 {was worth a try.} 28. Ra7 Qc8) 28. hxg4 (28. Nxc6 Qh4 $16) 28... Qh4 (28... Bb7 $142 29. Ra7 Qc7) 29. Qe2 Bb7 30. Be1 Qd8 31. Ra7 Qb8 32. Qa2 g5 (32... Rf7 $142 33. Bh4 Nf8) 33. Bg3 gxf4 34. exf4 h5 35. g5 h4 36. Bh2 h3+ 37. Kg1 Kf7 38. Bf1 Rh8 39. Ra3 Qd8 40. Rxh3 Rxh3 41. Bxh3 Nf8 42. Qa7 Qc8 43. Kf2 Ng6 $2 {[#]} (43... Kg8 44. Bg4 Ng6) 44. Bg3 (44. f5 $142 $1 {[%mdl 512]}) 44... Ne7 45. Bg4 Nef5 (45... Kg8 {is a better defense.} 46. Qa1 Ngf5 47. Nxf5 exf5) 46. Nb3 (46. Bxf5 $142 Nxf5 47. Nxf5 exf5 48. Qa1) 46... Kg6 47. Nd2 Qa8 48. Qxa8 Bxa8 49. Nf3 ({White should try} 49. Nb3 $18) 49... Bb7 $16 50. Bh2 Bc8 51. Ke2 Bd7 52. Bg1 Be8 53. Kd2 Bd7 54. Bh3 Be8 55. Bf1 (55. Ne1 $16) 55... Kh7 (55... Kh5 $1 $11) 56. Bd3 Bg6 57. Bh2 (57. Bf2 $142) 57... Kg8 58. Bf1 Kf7 59. Ne1 Nd4 60. Kc3 Ndf5 61. Nd3 (61. Nc2 $16) 61... Ne3 62. Be2 Bxd3 (62... d4+ $11 63. Kxd4 Nd5) 63. Kxd3 $11 {[%mdl 4096] Endgame KBB-KNN} Nef5 (63... d4 $16 64. Kxd4 Nd5) 64. Bd1 $18 Kg6 {[#]} 65. Ke2 (65. Bg1 $1 $18) 65... Ne8 (65... d4 $16 {was called for.} 66. Bg1 Ne7 67. Bc2+ (67. Bxd4 Nd5 $18) 67... Kh5) 66. Bg1 Neg7 67. Kf3 Ne8 68. Bf2 Neg7 69. Kg4 Ne8 70. Bc2 Neg7 71. Bd3 Ne8 72. Bxf5+ (72. Bf1 $18) 72... exf5+ $16 73. Kf3 Nc7 74. Be3 {Precision: White = 45%, Black = 33%.} 1/2-1/2

[Event "Botvinnik Cup 2018"]
[Site "Moscow"]
[Date "2018.08.11"]
[Round "4"]
[White "Korotylev, Alexey"]
[Black "Lomaia, Diana"]
[Result "1/2-1/2"]
[WhiteElo "2573"]
[BlackElo "1851"]
[Annotator "TA"]
[PlyCount "109"]
[EventDate "2018.08.10"]
[EventCountry "RUS"]
[SourceTitle "playchess.com"]
[Source "ChessBase"]
[SourceQuality "1"]

{[%evp 24,109,56,58,62,41,41,28,41,11,29,11,30,-85,0,0,0,0,47,32,72,58,65,66,90,67,110,68,86,75,173,156,249,96,124,94,214,204,214,212,177,175,204,130,212,82,92,85,88,0,0,0,57,45,44,38,38,0,38,0,41,0,0,0,0,0,0,0,0,0,0,0,0,-1108,0,0,25,0,0,0,0,0,0,0,0,0,0,0]} 1. Nf3 Nf6 2. c4 g6 3. Nc3 Bg7 4. e4 d6 5. d4 {[%cal Bd2d4,Bd4d5][%mdl 32]} O-O 6. Be2 e5 7. O-O Nc6 8. d5 Ne7 9. Nd2 Nd7 10. b4 f5 11. f3 f4 12. Ba3 {E97: King's Indian: Classical Main Line (6...e5 7 0-0 Nc6): 8 Be3 and 8 d5 Ne7, not 9 Ne1} g5 (12... a5 13. bxa5 Rxa5 14. Bb4 Ra8 15. a4 Nc5 16. a5 Na6 17. Ba3 c5 18. dxc6 Nxc6 19. Nb5 Nc5 {1-0 (61) Korotylev,A (2573)-Murzin,V (2280) Sochi 2017}) 13. c5 {LiveBook: 3 Games} Ng6 14. Nc4 {White is slightly better.} Rf7 $1 15. cxd6 $146 ({Predecessor:} 15. Kh1 Bf8 16. cxd6 cxd6 17. b5 Nb6 18. Nxb6 axb6 19. Bb4 h5 20. a4 Rg7 21. Nb1 Nh4 22. Nd2 g4 23. fxg4 hxg4 24. g3 Ng6 25. Bxg4 fxg3 26. Bf3 Qh4 {0-1 (26) Eckert,D-Giles,M Chicago,IL 1984}) 15... cxd6 16. b5 Bf8 $1 17. Bb4 Nf6 18. Kf2 (18. a4 $11) 18... h5 (18... g4 $17) 19. Ke1 $11 {[%cal Bf2e1,Be1d2,Bd2c2,Bc2b3,Bb3b2][%mdl 32]} g4 20. Kd2 Rg7 21. Rg1 $36 {[%mdl 2048] White is pushing.} Qd7 22. a4 {[%cal Ba2a4,Ba4a5][%mdl 32]} Be7 23. Kc2 Qc7 24. Kb3 g3 25. h3 Nd7 26. a5 Nc5+ (26... Qb8 $16 {might work better.}) 27. Kb2 $1 $18 Nh4 (27... Nd7 $16 28. b6 axb6) 28. Qf1 $2 (28. b6 $18 {is the precise move to win.} axb6 29. axb6 (29. Nxb6 Rb8 $18) 29... Rxa1 30. bxc7 Rxd1 31. Bxd1 (31. Nxd1 Bf8 $16) 31... Nd3+ 32. Ka3 Nxg2 33. Rxg2) 28... Bd7 29. b6 Qc8 (29... Qd8 $16) 30. bxa7 $1 Rxa7 31. Nb6 Qd8 32. Bb5 $1 Bc8 {intending ...Na6.} 33. Qe2 Bf8 (33... Na6 $16 {is a better defense.}) 34. Nxc8 (34. Bxc5 $18 dxc5 35. d6) 34... Qxc8 $16 35. Rgc1 Rc7 {[#]} 36. Na4 (36. Bc4 $1 $16) 36... Nxa4+ $11 37. Bxa4 Ra8 (37... b6 $1 $11) 38. Rxc7 Qxc7 39. Rc1 Qd8 40. Bb5 Rc8 41. Rc2 Rc7 42. Kc1 Qc8 43. Rxc7 Qxc7+ 44. Kd1 Be7 45. Qd2 Qc8 {White must now prevent ...Nxf3!} 46. Bf1 Kf7 47. Ke1 Qc7 48. Bd3 $2 {[%mdl 8192] [#]} (48. Kd1 $11) 48... Qc8 $2 (48... Nxg2+ $1 $19 {[%mdl 512]} 49. Ke2 (49. Qxg2 Qc1+) 49... Qc8) 49. Kf1 Qa8 50. Bb5 Qa7 {The position is equal.} 51. Bc4 Kf6 52. Bb5 Kf7 53. Bc4 Kf6 54. Bb5 Kf7 55. Bc4 {Precision: White = 32%, Black = 47%.} 1/2-1/2